वेदना के गाँव / (Record no. 208244)

MARC details
000 -LEADER
fixed length control field 00872nam a22001937a 4500
005 - DATE AND TIME OF LATEST TRANSACTION
control field 20250109110259.0
010 ## - LCCN (DPL NO)
LC control number B-761599
020 ## - INTERNATIONAL STANDARD BOOK NUMBER
Terms of availability 250.00
International Standard Book Number 9789392412073
035 ## - SYSTEM CONTROL NUMBER
System control number B-761599
037 ## - SOURCE OF ACQUISITION
Source of stock number/acquisition उपहार
082 ## - DEWEY DECIMAL CLASSIFICATION NUMBER
Classification number 821
Item number सिंहर
100 ## - MAIN ENTRY--PERSONAL NAME
Personal name सिंह , रामवीर
245 ## - TITLE STATEMENT
Title वेदना के गाँव /
Statement of responsibility, etc रामवीर सिंह
260 ## - PUBLICATION, DISTRIBUTION, ETC. (IMPRINT)
Place of publication, distribution, etc दिल्ली
Name of publisher, distributor, etc पंछी बुक्स
Date of publication, distribution, etc 2023
270 ## - ADDRESS
Address एफ-19, रूम नं. 204, प्रथम तल, गली नं.4 पंचशील गार्डन, नवीन शाहदरा
City दिल्ली
Postal code 110032
300 ## - PHYSICAL DESCRIPTION
Extent 128 पृ.
Dimensions 22 सेमी(सजिल्द)
942 ## - ADDED ENTRY ELEMENTS (KOHA)
Source of classification or shelving scheme Dewey Decimal Classification
Item type Hindi Books
Classification part 821
Call number suffix रामवी
Holdings
Withdrawn status Lost status Not for loan Collection code Home library Current library Date acquired Source of acquisition Cost, normal purchase price Full call number Barcode Copy number Cost, replacement price Koha item type Public note
      Non-fiction RC3 Shakur Pur RC3 Shakur Pur 09/01/2025 उपहार /06/01/2025 250.00 821 रामवी B-761599 1 250.00 Hindi Books उपहार /06/01/2025

© Delhi Public Library
Hit Counter
free hit counter